|
|
|
|
| LEADER |
01419nam a2200289 a 4500 |
| 001 |
12179344 |
| 008 |
100609s2001 nyu 000 1 eng d |
| 010 |
|
|
|a \\\00048951
|
| 020 |
|
|
|a 0375756884
|
| 020 |
|
|
|a 9780375756887
|
| 040 |
|
|
|a DLC
|c DLC
|d DLC
|d BD-DhAAL
|
| 082 |
0 |
0 |
|a 891.73/3
|2 21
|
| 100 |
1 |
|
|a Dostoyevsky, Fyodor,
|d 1821-1881.
|
| 240 |
1 |
0 |
|a Short stories.
|l English.
|k Selections
|
| 245 |
1 |
4 |
|a The best short stories of Fyodor Dostoevsky /
|c translated, with an introduction by David Magarshack.
|
| 250 |
|
|
|a Modern Library paperback ed.
|
| 260 |
|
|
|a New York :
|b Modern Library,
|c 2001.
|
| 300 |
|
|
|a xxiii, 292 p. ;
|c 21 cm.
|
| 505 |
0 |
|
|a White nights -- The honest thief -- The Christmas tree and a wedding -- The peasant Marey -- Notes from the underground -- A gentle creature -- The dream of a ridiculous man.
|
| 541 |
1 |
|
|e 00020403
|
| 600 |
1 |
0 |
|a Dostoyevsky, Fyodor,
|d 1821-1881
|v Translations into English.
|
| 651 |
|
0 |
|a Russia
|x Social life and customs
|v Fiction.
|
| 700 |
1 |
|
|a Magarshack, David.
|
| 852 |
4 |
|
|a Ayesha Abed Library
|j General Shelf
|
| 999 |
|
|
|c 8869
|d 8869
|
| 952 |
|
|
|0 0
|1 4
|2 ddc
|4 0
|6 891_733000000000000_DOS
|7 0
|9 10806
|a BRACUL
|b BRACUL
|d 2010-06-09
|l 0
|o 891.733 DOS
|p 3010020403
|r 2010-06-09
|t 1
|w 2010-06-09
|y BK
|x Koha Inventory 2020
|
| 952 |
|
|
|0 0
|1 0
|2 ddc
|4 0
|6 891_733000000000000_DOS_2001
|7 0
|9 10807
|a BRACUL
|b BRACUL
|d 2010-06-09
|l 21
|m 266
|o 891.733 DOS
|p 3010020404
|r 2026-05-18
|s 2026-04-20
|t 2
|w 2010-06-09
|y BK
|